000
00328nam a2200157Ia 4500
008
151213s9999 xx 000 0 und d
100
_a
D L R
245
_a
Limitation Act
_c
D L R
250
_a
3rd
260
_a
Dhaka
_b
D L R
_c
2009
300
_a
7785 p.
650
_a
Law
650
_a
Law
700
_a
D L R
999
_c
4037
_d
4037